| 000 | 00899nam a22002777a 4500 | ||
|---|---|---|---|
| 005 | 20201128021208.0 | ||
| 008 | 150211t2012 xxua fr 001 0 eng d | ||
| 020 | _a9781259012051 | ||
| 020 | _a1259012050 | ||
| 040 | _aEG-ScBUE | ||
| 082 | 0 | 0 |
_222 _a620.00151 _bPAL |
| 100 | 1 |
_aPalm, William J. _937370 |
|
| 245 | 1 | 0 |
_aIntroduction to MATLAB for engineers / _cWilliam J. Palm. |
| 246 | 3 | 0 | _aMATLAB |
| 250 |
_a3rd ed., _bMcGraw-Hill international ed. |
||
| 260 |
_aNew York, United States : _bMcGraw-Hill Education, _c2012. |
||
| 300 |
_axii, 564 p. : _bill. ; _c23 cm. |
||
| 500 | _aIncludes appendixes. | ||
| 500 | _aIndex : p. 557-564. | ||
| 630 | 0 | 0 |
_9826 _aMATLAB |
| 650 | 0 |
_aNumerical analysis _xData processing _911374 |
|
| 650 | 0 |
_923898 _aEngineering mathematics _xData processing |
|
| 653 |
_bENGELC _cFebruary2015 |
||
| 655 |
_vreading book _934232 |
||
| 942 |
_2ddc _k620.00151 PAL |
||
| 999 |
_c18959 _d18931 |
||